[Event "EU-ch Rapid"]
[Site "Katowice"]
[Date "2022.12.17"]
[Round "4"]
[White "Abdrlauf, Elham"]
[Black "Voege, Tobias"]
[Result "1-0"]
[WhiteElo "2518"]
[BlackElo "2300"]
[PlyCount "97"]
[EventDate "2022.12.17"]
[EventType "swiss (rapid)"]
[EventRounds "11"]
[EventCountry "POL"]
[SourceTitle "CBM 211 Extra"]
[Source "ChessBase"]
[SourceDate "2023.01.31"]
[SourceVersion "1"]
[SourceVersionDate "2023.01.31"]
[SourceQuality "1"]

1. e4 e6 2. d4 d5 3. Nc3 Nf6 4. Bg5 dxe4 5. Nxe4 Nbd7 6. Nf3 h6 7. Nxf6+ Nxf6 8. Be3 Bd6 9. Bd3 Nd5 10. Qe2 Bd7 11. Bd2 Qf6 12. Be4 0-0-0 13. 0-0-0 Bc6 14. g3 Ne7 15. Rhe1 Rhe8 16. c4 Bxe4 17. Qxe4 Nc6 18. Bc3 Bb4 19. Re2 Qe7 20. d5 Bxc3 21. dxc6 Qb4 22. cxb7+ Kb8 23. Rxd8+ Rxd8 24. Qc2 Bf6 25. Nd2 Rd4 26. a3 Qxb7 27. Kb1 g6 28. Ka2 Qc6 29. Re3 Ka8 30. Rb3 h5 31. Qc3 e5 32. Qb4 Rd8 33. c5 Be7 34. Nc4 f6 35. Na5 Qd5 36. Qb5 Bxc5 37. Nc6 Bb6 38. Nxd8 Qxd8 39. a4 a5 40. Qa6+ Kb8 41. Qxa5 Qd4 42. Qb5 Kc8 43. a5 Ba7 44. Qe8+ Qd8 45. Qxg6 Qf8 46. Qf5+ Kd8 47. Qd3+ Ke8 48. Rb7 Qc5 49. Qb5+ 1-0